| 000 | 01124nmc a2200361 a 4500 | ||
|---|---|---|---|
| 003 | AR-BaBNM | ||
| 005 | 20251128204859.0 | ||
| 008 | 166019s1989 ||||||||||||||000 | spa|| | ||
| 020 | _a84-7112-332-0 | ||
| 040 | _cAR-BaBNM | ||
| 100 | 1 | _aWalker, Rob | |
| 245 | 1 | 0 | _aMétodos de investigación para el profesorado |
| 260 |
_aMadrid _bEdiciones Morata _c1989 |
||
| 300 | 0 |
_a236 p. _bdiagr., il., tablas |
|
| 490 | 0 | _aPedagogía. La pedagogía hoy | |
| 500 | 0 | _aIndice de autores: p. 234 | |
| 500 | 0 | _aIndice de materias: p. 235 | |
| 500 | 0 | _aTablas de sistemas educativos: p. 236-238 | |
| 504 | _aBibliografía: p. 229-233 | ||
| 610 | 2 | 4 | _aProyecto Thumbnail de Curriculum de Historia Social de las Humanidades |
| 650 | 4 | _aPROYECTOS DE INVESTIGACION | |
| 650 | 4 | _aPROBLEMAS DE INVESTIGACION | |
| 650 | 4 | _aENTREVISTAS | |
| 650 | 4 | _aOBSERVACION | |
| 650 | 4 | _aANALISIS DE DATOS | |
| 650 | 4 | _aINFORME DE INVESTIGACION | |
| 650 | 4 | _aMETODOS DE INVESTIGACION | |
| 651 | 4 | _aReino Unido | |
| 653 | 0 | _aINVESTIGACION EDUCATIVA | |
| 700 | 1 |
_aIgoa, José Manuel _etraductor |
|
| 942 | _cBK | ||
| 998 | _csilvi | ||
| 999 |
_c9172 _d9172 |
||